Introduction to positive economics (Record no. 5640)

000 -LEADER
fixed length control field 00453nam a22001817a 4500
001 - CONTROL NUMBER
control field 5640
003 - CONTROL NUMBER IDENTIFIER
control field BD-DhUET
008 - FIXED-LENGTH DATA ELEMENTS--GENERAL INFORMATION
fixed length control field 141127b xxu||||| |||| 00| 0 eng d
040 ## - CATALOGING SOURCE
Transcribing agency 0
Modifying agency BD-DhUET
082 ## - DEWEY DECIMAL CLASSIFICATION NUMBER
Classification number 330
Item number LIP/1971
100 ## - MAIN ENTRY--PERSONAL NAME
Personal name Lipsey, Richard G.
245 ## - TITLE STATEMENT
Title Introduction to positive economics
250 ## - EDITION STATEMENT
Edition statement 3rd ed.
260 ## - PUBLICATION, DISTRIBUTION, ETC. (IMPRINT)
Name of publisher, distributor, etc. English Language Book
Place of publication, distribution, etc. Hampshire
Date of publication, distribution, etc. 1971
300 ## - PHYSICAL DESCRIPTION
Extent xx, 740 p.
Other physical details ill.
Dimensions 26 cm.
650 #0 - SUBJECT ADDED ENTRY--TOPICAL TERM
Topical term or geographic name as entry element Economics
942 ## - ADDED ENTRY ELEMENTS (KOHA)
Koha item type General Book
Holdings
Lost status Source of classification or shelving scheme Koha date last seen Withdrawn status Koha item type Date acquired Piece designation (barcode) Koha normalized classification for sorting Shelving location Not for loan Koha collection Koha full call number Sublocation or collection (holding branch) Location (home branch) Price effective from Copy number Damaged status
  2014-11-27 General Book2014-11-2723693330LIP1971Circulation section  330/LIP/1971Central Library, BUETCentral Library, BUET2014-11-271 
  2014-11-27 General Book2014-11-2723702330LIP1971Circulation section  330/LIP/1971Central Library, BUETCentral Library, BUET2014-11-272 
  2015-01-27 General Book2015-01-2723689330_000000000000000_LIP_1971Circulation section  330/LIP/1971Central Library, BUETCentral Library, BUET2015-01-273 
  2015-01-27 General Book2015-01-2723684330_000000000000000_LIP_1971Circulation section  330/LIP/1971Central Library, BUETCentral Library, BUET2015-01-274 
  2015-01-27 General Book2015-01-2723710330_000000000000000_LIP_1971Circulation section  330/LIP/1971Central Library, BUETCentral Library, BUET2015-01-275 
  2015-01-27 General Book2015-01-2723713330_000000000000000_LIP_1971Circulation section  330/LIP/1971Central Library, BUETCentral Library, BUET2015-01-276 
  2015-01-27 General Book2015-01-2723690330_000000000000000_LIP_1971Cataloging section  330/LIP/1971Central Library, BUETCentral Library, BUET2015-01-277 
  2015-01-27 General Book2015-01-2723698330_000000000000000_LIP_1971Circulation section  330/LIP/1971Central Library, BUETCentral Library, BUET2015-01-278 
  2015-01-27 General Book2015-01-2723685330_000000000000000_LIP_1971Circulation section  330/LIP/1971Central Library, BUETCentral Library, BUET2015-01-279 
  2015-01-27 General Book2015-01-2723712330_000000000000000_LIP_1971Circulation section  330/LIP/1971Central Library, BUETCentral Library, BUET2015-01-2710 
  2015-01-28 General Book2015-01-2823677330_000000000000000_LIP_1971Circulation section Non Fiction330/LIP/1971Central Library, BUETCentral Library, BUET2015-01-284 
  2015-01-28 General Book2015-01-2823706330_000000000000000_LIP_1971Circulation section Non Fiction330/LIP/1971Central Library, BUETCentral Library, BUET2015-01-2830 
  2015-01-28 General Book2015-01-2823705330_000000000000000_LIP_1971Circulation section Non Fiction330/LIP/1971Central Library, BUETCentral Library, BUET2015-01-2829 
  2015-01-28 General Book2015-01-2823680330_000000000000000_LIP_1971Circulation section Non Fiction330/LIP/1971Central Library, BUETCentral Library, BUET2015-01-2816 
  2015-04-20 General Book2015-04-2023691330_000000000000000_LIP_1971Circulation section  330/LIP/1971Central Library, BUETCentral Library, BUET2015-04-2015